000 00569nab a2200193 a 4500
005 20210223131128.0
008 991125s1985 mx 000 0 spa u
035 _aUPN01000173133
100 1 _aSánchez Pérez, Irisela
_934400
222 _aENTRE MAESTROS :
222 _bREVISTA PARA MAESTROS DE EDUCACION BASICA
245 _a¿ Delato a mi mejor amigo ? : valores y actitudes en secundaria
260 _aMéxico
300 _a44-57
362 0 _a2007 Vol. 7, no. 22, sept.-dic.
653 0 _aVALORES
653 0 _aEDUCACION CIUDADANA
905 _aArticulo
999 _c145237
_d145237